[Event "Moratalaz Open 2007"]
[Site "Madrid ESP"]
[Date "2007.09.15"]
[Round "1.1"]
[White "Vazquez, Renier"]
[Black "Martinez-Villanueva Pelaez, German"]
[Result "1-0"]
[WhiteElo "2553"]
[BlackElo "1860"]
[PlyCount "53"]
[EventDate "2007.09.15"]
[EventType "swiss"]
[EventRounds "9"]
[EventCountry "ESP"]
[Source "lmi"]
[SourceDate "2007.09.13"]

1. e4 c6 2. d4 d5 3. exd5 cxd5 4. c4 Nf6 5. Nc3 Nc6 6. Bg5 dxc4 7. Bxc4 e6 8.
Nf3 Be7 9. O-O O-O 10. a3 b6 11. Re1 Bb7 12. Qd3 Nh5 13. Bd2 Na5 14. Ba2 Bxf3
15. Qxf3 Qxd4 16. Rad1 Nf6 17. b4 Qg4 18. Qxg4 Nxg4 19. bxa5 Bxa3 20. h3 Nf6
21. Nb5 Bc5 22. a6 Rfd8 23. Bg5 Rxd1 24. Rxd1 Bxf2+ 25. Kxf2 Ne4+ 26. Ke3 Nxg5
27. h4 1-0

[Event "Moratalaz Open 2007"]
[Site "Madrid ESP"]
[Date "2007.09.15"]
[Round "1.2"]
[White "Rodriguez Ballespin, Daniel"]
[Black "Moreno Ruiz, Javier"]
[Result "0-1"]
[WhiteElo "1847"]
[BlackElo "2466"]
[PlyCount "64"]
[EventDate "2007.09.15"]
[EventType "swiss"]
[EventRounds "9"]
[EventCountry "ESP"]
[Source "lmi"]
[SourceDate "2007.09.13"]

1. e4 c5 2. Nf3 Nc6 3. d3 g6 4. g3 Bg7 5. Bg2 d6 6. O-O e5 7. c3 Nge7 8. a4 O-O
9. Na3 h6 10. Nd2 Be6 11. Ndc4 d5 12. exd5 Bxd5 13. f4 exf4 14. Bxf4 Bxg2 15.
Kxg2 Nd5 16. Bd6 Ne3+ 17. Nxe3 Qxd6 18. Nec4 Qd5+ 19. Qf3 Rad8 20. Rad1 Rd7 21.
Nb5 Rfd8 22. Qxd5 Rxd5 23. Rf3 R5d7 24. Kf2 b6 25. Ke2 a6 26. Nba3 Rb7 27. h3
b5 28. axb5 axb5 29. Ne3 b4 30. Nac4 bxc3 31. bxc3 Bxc3 32. Ng4 Nd4+ 0-1

[Event "Moratalaz Open 2007"]
[Site "Madrid ESP"]
[Date "2007.09.15"]
[Round "1.3"]
[White "Roa Alonso, Santiago"]
[Black "Algaba Traspuesto, Jose Antonio"]
[Result "1-0"]
[WhiteElo "2445"]
[BlackElo "1833"]
[PlyCount "47"]
[EventDate "2007.09.15"]
[EventType "swiss"]
[EventRounds "9"]
[EventCountry "ESP"]
[Source "lmi"]
[SourceDate "2007.09.13"]

1. e4 d5 2. Nc3 d4 3. Nce2 e5 4. d3 c5 5. g3 Nc6 6. Bg2 Bd6 7. Nf3 h6 8. O-O
Be6 9. Kh1 Qd7 10. Nfg1 g5 11. c3 Nge7 12. cxd4 cxd4 13. f4 gxf4 14. gxf4 f5
15. fxe5 Bxe5 16. Nf3 Bc7 17. b4 a6 18. Bb2 Bb6 19. a4 O-O 20. b5 axb5 21. axb5
Rxa1 22. Bxa1 Na7 23. Nexd4 Nxb5 24. Ne5 1-0

[Event "Moratalaz Open 2007"]
[Site "Madrid ESP"]
[Date "2007.09.15"]
[Round "1.4"]
[White "Martinez Miura, Enrique"]
[Black "Madina, Martin"]
[Result "0-1"]
[WhiteElo "1832"]
[BlackElo "2344"]
[PlyCount "54"]
[EventDate "2007.09.15"]
[EventType "swiss"]
[EventRounds "9"]
[EventCountry "ESP"]
[Source "lmi"]
[SourceDate "2007.09.13"]

1. e4 g6 2. d4 Bg7 3. Nf3 d6 4. h3 Nf6 5. Bd3 O-O 6. O-O Nc6 7. c3 e5 8. d5 Ne7
9. Be3 Nh5 10. c4 h6 11. Nc3 Nf4 12. Bxf4 exf4 13. Qd2 g5 14. Rfe1 Ng6 15. Bc2
Ne5 16. Nxe5 Bxe5 17. f3 Kg7 18. Rad1 h5 19. Ne2 Qf6 20. Nd4 Rh8 21. Kf2 g4 22.
hxg4 hxg4 23. Nf5+ Bxf5 24. exf5 Rh2 25. Rg1 Re8 26. Be4 Bxb2 27. fxg4 Rxe4 0-1

[Event "Moratalaz Open 2007"]
[Site "Madrid ESP"]
[Date "2007.09.15"]
[Round "1.5"]
[White "Gonzalez Somoza, Oliver"]
[Black "Ramos Rodriguez, Francisco"]
[Result "1-0"]
[WhiteElo "2343"]
[BlackElo "1829"]
[PlyCount "53"]
[EventDate "2007.09.15"]
[EventType "swiss"]
[EventRounds "9"]
[EventCountry "ESP"]
[Source "lmi"]
[SourceDate "2007.09.13"]

1. d4 d5 2. c4 c6 3. Nf3 Nf6 4. e3 Bg4 5. Qb3 Qb6 6. Ne5 Qxb3 7. axb3 Nbd7 8.
Nxg4 Nxg4 9. Be2 Ngf6 10. f4 e6 11. c5 Be7 12. b4 O-O 13. b5 Ne4 14. Nd2 Nxd2
15. Bxd2 f5 16. bxc6 bxc6 17. Ra6 Rfc8 18. O-O Nb8 19. Ra3 Rc7 20. Rfa1 a6 21.
Bxa6 Rca7 22. Bb7 Rxa3 23. Rxa3 Rxa3 24. bxa3 g5 25. fxg5 Bxg5 26. a4 Bd8 27.
a5 1-0

[Event "Moratalaz Open 2007"]
[Site "Madrid ESP"]
[Date "2007.09.15"]
[Round "1.6"]
[White "Pareja Alvarez, Diego"]
[Black "Elissalt Cardenas, Hector"]
[Result "0-1"]
[WhiteElo "1827"]
[BlackElo "2329"]
[PlyCount "86"]
[EventDate "2007.09.15"]
[EventType "swiss"]
[EventRounds "9"]
[EventCountry "ESP"]
[Source "lmi"]
[SourceDate "2007.09.13"]

1. e4 e6 2. d3 d5 3. Nd2 Nf6 4. Ngf3 Nc6 5. c3 Be7 6. Be2 O-O 7. O-O dxe4 8.
dxe4 a5 9. Qc2 e5 10. Rd1 Qe8 11. Nc4 Bc5 12. Be3 Qe7 13. h3 Re8 14. Rd2 Be6
15. Bxc5 Qxc5 16. Ne3 h6 17. Rad1 Rad8 18. Rxd8 Rxd8 19. Rxd8+ Nxd8 20. b3 Nc6
21. Bc4 Bxc4 22. Nxc4 b5 23. Ne3 g6 24. g3 Kg7 25. Kg2 Nd8 26. Ne1 Ne6 27. Nd3
Qd6 28. f3 c6 29. Nf2 h5 30. Qd3 Qa3 31. Qc2 h4 32. Nfg4 hxg3 33. Nxf6 Kxf6 34.
Qd2 Qc5 35. Kxg3 Ke7 36. Qd3 Nf4 37. Qd2 Qxc3 38. Qxc3 Ne2+ 39. Kf2 Nxc3 40. a3
Na2 41. Ke1 Nc1 42. b4 axb4 43. axb4 Nd3+ 0-1

[Event "Moratalaz Open 2007"]
[Site "Madrid ESP"]
[Date "2007.09.15"]
[Round "1.8"]
[White "Fernandez Martinez, Jose"]
[Black "Rubio Mejia, Luis"]
[Result "0-1"]
[WhiteElo "1822"]
[BlackElo "2270"]
[PlyCount "86"]
[EventDate "2007.09.15"]
[EventType "swiss"]
[EventRounds "9"]
[EventCountry "ESP"]
[Source "lmi"]
[SourceDate "2007.09.13"]

1. c4 c5 2. Nf3 Nc6 3. Nc3 g6 4. g3 Bg7 5. Bg2 e5 6. d3 Nge7 7. Bg5 f6 8. Bd2
O-O 9. O-O d6 10. a3 a5 11. Rb1 Be6 12. Ne1 Kh8 13. Nc2 d5 14. cxd5 Nxd5 15.
Ne3 Nde7 16. Nc2 a4 17. Be3 b6 18. Na1 Nd5 19. Nxa4 Nxe3 20. fxe3 Rc8 21. Nc3
Bh6 22. e4 Ne7 23. Nb3 Be3+ 24. Kh1 h5 25. Nd2 h4 26. gxh4 Kg7 27. Rf3 Bf4 28.
Bh3 Bxh3 29. Rxh3 Qd7 30. Rf3 Rh8 31. e3 Bh6 32. Qf1 Rcf8 33. Nc4 Qc6 34. Qg2
b5 35. Nd2 b4 36. Nd5 Nxd5 37. exd5 Qa6 38. e4 Bxd2 39. Qxd2 Rxh4 40. Rg1 Rfh8
41. Rg2 bxa3 42. bxa3 Qxa3 43. Qb2 Rxh2+ 0-1

[Event "Moratalaz Open 2007"]
[Site "Madrid ESP"]
[Date "2007.09.15"]
[Round "1.10"]
[White "Montanes Arribas, Adrian"]
[Black "Estrada Martinez, Cesar"]
[Result "0-1"]
[WhiteElo "1811"]
[BlackElo "2211"]
[PlyCount "46"]
[EventDate "2007.09.15"]
[EventType "swiss"]
[EventRounds "9"]
[EventCountry "ESP"]
[Source "lmi"]
[SourceDate "2007.09.13"]

1. e4 c5 2. Nf3 g6 3. d3 Bg7 4. g3 Nf6 5. Bg2 O-O 6. O-O Nc6 7. c3 e5 8. a3 d5
9. exd5 Nxd5 10. a4 Bf5 11. Nh4 Be6 12. Nf3 Qd7 13. Nbd2 h6 14. Qe2 Rfe8 15.
Ne4 b6 16. Rd1 Rad8 17. Ned2 Bg4 18. Nf1 e4 19. dxe4 Nxc3 20. bxc3 Qxd1 21.
Qxd1 Rxd1 22. h3 Bxc3 23. Rb1 Be6 0-1

[Event "Moratalaz Open 2007"]
[Site "Madrid ESP"]
[Date "2007.09.15"]
[Round "1.11"]
[White "Ballesteros Gonzalez, David"]
[Black "Sierra Bermejo, Gregorio"]
[Result "1-0"]
[WhiteElo "2196"]
[BlackElo "1802"]
[PlyCount "59"]
[EventDate "2007.09.15"]
[EventType "swiss"]
[EventRounds "9"]
[EventCountry "ESP"]
[Source "lmi"]
[SourceDate "2007.09.13"]

1. d4 d5 2. c4 dxc4 3. Nf3 e6 4. e4 c5 5. Bxc4 Nf6 6. e5 Ng4 7. h3 Nh6 8. g4 a6
9. a4 b6 10. d5 exd5 11. Bxd5 Ra7 12. Nc3 Be6 13. Bxe6 Qxd1+ 14. Nxd1 fxe6 15.
Bxh6 gxh6 16. Ne3 Rf7 17. Nd2 Be7 18. Ndc4 O-O 19. Nxb6 Rxf2 20. Nf5 R2xf5 21.
gxf5 Rxf5 22. Rg1+ Kh8 23. O-O-O Bg5+ 24. Kb1 Nc6 25. Rd6 Nd4 26. Nc4 a5 27.
Ra6 Rf4 28. Nxa5 Nf3 29. Rd1 Rxa4 30. Rd7 1-0

[Event "Moratalaz Open 2007"]
[Site "Madrid ESP"]
[Date "2007.09.15"]
[Round "1.13"]
[White "Enjuto Velasco, Roberto"]
[Black "Cortijo Manso, Luis"]
[Result "1-0"]
[WhiteElo "2183"]
[BlackElo "1760"]
[PlyCount "23"]
[EventDate "2007.09.15"]
[EventType "swiss"]
[EventRounds "9"]
[EventCountry "ESP"]
[Source "lmi"]
[SourceDate "2007.09.13"]

1. e4 c5 2. Nf3 d6 3. d4 cxd4 4. Nxd4 Nf6 5. Nc3 a6 6. Bc4 e6 7. Bb3 Be7 8. g4
e5 9. Nf5 g6 10. Nxe7 Qxe7 11. Bg5 Bxg4 12. Bxf6 1-0

[Event "Moratalaz Open 2007"]
[Site "Madrid ESP"]
[Date "2007.09.15"]
[Round "1.15"]
[White "Barez Menendez, Hector"]
[Black "Aguado Garcia, Pablo"]
[Result "1-0"]
[WhiteElo "2169"]
[BlackElo "1721"]
[PlyCount "59"]
[EventDate "2007.09.15"]
[EventType "swiss"]
[EventRounds "9"]
[EventCountry "ESP"]
[Source "lmi"]
[SourceDate "2007.09.13"]

1. Nf3 Nf6 2. c4 c5 3. g3 g6 4. Bg2 Bg7 5. O-O O-O 6. d4 d6 7. dxc5 dxc5 8. Ne5
Nbd7 9. Nd3 Qc7 10. Nc3 a6 11. Na4 Rb8 12. Naxc5 Nxc5 13. Bf4 Qb6 14. Bxb8 Nxd3
15. Qxd3 Bf5 16. e4 Rd8 17. Qc2 Nxe4 18. Bxe4 Bxe4 19. Qxe4 Rxb8 20. Rab1 Qc6
21. Qxc6 bxc6 22. b4 Bd4 23. Kg2 e5 24. f4 e4 25. Rfd1 Bc3 26. Rb3 Bg7 27. Rd6
Re8 28. Kf2 Kf8 29. Rxc6 e3+ 30. Ke2 1-0

[Event "Moratalaz Open 2007"]
[Site "Madrid ESP"]
[Date "2007.09.15"]
[Round "1.16"]
[White "Franco Rincon, David"]
[Black "Garcia Ruido, Ricardo"]
[Result "0-1"]
[WhiteElo "1706"]
[BlackElo "2158"]
[PlyCount "66"]
[EventDate "2007.09.15"]
[EventType "swiss"]
[EventRounds "9"]
[EventCountry "ESP"]
[Source "lmi"]
[SourceDate "2007.09.13"]

1. e4 g6 2. d4 Bg7 3. Nf3 d6 4. Be2 Nf6 5. Nc3 O-O 6. h3 c6 7. O-O Qc7 8. Be3
e5 9. Bc4 b5 10. dxe5 dxe5 11. Bd3 Rd8 12. b4 a5 13. a3 h6 14. Qd2 Kh7 15. Ne2
Nxe4 16. Qe1 Nd6 17. Nc3 axb4 18. Ne4 Nxe4 19. Bxe4 f5 20. Qxb4 fxe4 21. Qxe4
Bf5 22. Qh4 Ra4 23. g4 Qc8 24. Nxe5 Bxe5 25. Qxh6+ Kg8 26. gxf5 Qxf5 27. f4
Bxa1 28. Rxa1 Qh5 29. Qxh5 gxh5 30. Kf2 Rc4 31. Rc1 Kf7 32. c3 Rd3 33. Bd4
Rdxd4 0-1

[Event "Moratalaz Open 2007"]
[Site "Madrid ESP"]
[Date "2007.09.15"]
[Round "1.17"]
[White "Ivanovich Balsinde, Nicholas"]
[Black "Martin Calero, Jorge"]
[Result "1-0"]
[WhiteElo "2151"]
[BlackElo "1705"]
[PlyCount "51"]
[EventDate "2007.09.15"]
[EventType "swiss"]
[EventRounds "9"]
[EventCountry "ESP"]
[Source "lmi"]
[SourceDate "2007.09.13"]

1. e4 e5 2. Nf3 Nf6 3. d4 exd4 4. e5 Nd5 5. Qxd4 Nb6 6. Qe4 Be7 7. Bd3 d6 8.
exd6 Qxd6 9. O-O Be6 10. Bf4 Qd5 11. Bxc7 N8d7 12. Nc3 Qxe4 13. Nxe4 O-O 14.
Nd4 Bd5 15. Nf5 Bd8 16. Bxd8 Rfxd8 17. Ne7+ Kf8 18. Nxd5 Nxd5 19. Bc4 N7b6 20.
Bb3 Rac8 21. Rad1 Ke7 22. Rfe1 Kf8 23. Kf1 a5 24. a4 Rd7 25. Rd4 Rcd8 26. Red1
1-0

[Event "Moratalaz Open 2007"]
[Site "Madrid ESP"]
[Date "2007.09.15"]
[Round "1.18"]
[White "Romera Rodriguez, Miguel"]
[Black "Alcaraz Amoros, Antonio"]
[Result "0-1"]
[WhiteElo "1701"]
[BlackElo "2135"]
[PlyCount "72"]
[EventDate "2007.09.15"]
[EventType "swiss"]
[EventRounds "9"]
[EventCountry "ESP"]
[Source "lmi"]
[SourceDate "2007.09.13"]

1. d4 d5 2. c4 c6 3. Nf3 Nf6 4. g3 e6 5. Bg2 Nbd7 6. O-O b6 7. Nc3 Bb7 8. e4
dxe4 9. Ng5 Be7 10. Ngxe4 Nxe4 11. Nxe4 O-O 12. Re1 Nf6 13. Be3 Qd7 14. c5 Rfd8
15. Qc2 Nd5 16. Rad1 b5 17. h4 h6 18. Qd2 Nxe3 19. Qxe3 Re8 20. b4 Rad8 21. g4
f5 22. g5 fxe4 23. gxh6 Bf8 24. Bxe4 Qf7 25. Kh1 Qh5 26. Qg3 Qxh6 27. Rg1 Be7
28. Bg6 Rf8 29. h5 Rf4 30. Rde1 Bc8 31. Re5 Rdxd4 32. f3 Rd2 33. Rg2 Rd1+ 34.
Rg1 Rh4+ 35. Kg2 Qd2+ 36. Qf2 Rh2+ 0-1

[Event "Moratalaz Open 2007"]
[Site "Madrid ESP"]
[Date "2007.09.15"]
[Round "1.19"]
[White "Gago Padreny, Ignacio"]
[Black "Piriz Fernandez, Daniel"]
[Result "1-0"]
[WhiteElo "2124"]
[BlackElo "1694"]
[PlyCount "59"]
[EventDate "2007.09.15"]
[EventType "swiss"]
[EventRounds "9"]
[EventCountry "ESP"]
[Source "lmi"]
[SourceDate "2007.09.13"]

1. d4 Nf6 2. c4 e6 3. Nc3 c5 4. d5 exd5 5. cxd5 d6 6. e4 g6 7. f3 Bg7 8. Nge2
O-O 9. Ng3 Re8 10. Be2 a6 11. a4 Nbd7 12. O-O b6 13. Be3 Rb8 14. Qd2 Qc7 15.
Rad1 Bb7 16. f4 Bc8 17. e5 dxe5 18. f5 Kh8 19. fxg6 fxg6 20. Nge4 Bb7 21. Ng5
Nf8 22. Bc4 h5 23. d6 Qd7 24. Nf7+ Kh7 25. Bh6 Ng4 26. Bxg7 Kxg7 27. h3 Bxg2
28. hxg4 Bxf1 29. Qh6+ Kf6 30. Ne4# 1-0

[Event "Moratalaz Open 2007"]
[Site "Madrid ESP"]
[Date "2007.09.15"]
[Round "1.20"]
[White "Sierra Soria, Maria"]
[Black "Durao, Joaquim"]
[Result "1/2-1/2"]
[WhiteElo "1685"]
[BlackElo "2121"]
[PlyCount "106"]
[EventDate "2007.09.15"]
[EventType "swiss"]
[EventRounds "9"]
[EventCountry "ESP"]
[Source "lmi"]
[SourceDate "2007.09.13"]

1. c4 e5 2. Nc3 f5 3. Nf3 Nc6 4. d4 e4 5. Ng5 Nf6 6. Nh3 Bb4 7. Bd2 O-O 8. e3
d6 9. Be2 h6 10. Nf4 g5 11. Ng6 Rf7 12. h4 Rg7 13. hxg5 Rxg6 14. gxf6 Qxf6 15.
Nd5 Bxd2+ 16. Qxd2 Qg7 17. Nf4 Rg5 18. O-O-O Bd7 19. Rh2 Kf7 20. Nh5 Qf8 21.
Rdh1 Ne7 22. Nf4 Ng8 23. Bh5+ Kg7 24. Qd1 c6 25. Nh3 Nf6 26. Nxg5 hxg5 27. Qb3
Rb8 28. Qa3 a6 29. Be2 Be6 30. Rh8 Bg8 31. Qa5 Qc8 32. Qb4 Qc7 33. R8h6 b5 34.
c5 a5 35. cxd6 axb4 36. dxc7 Rc8 37. a3 bxa3 38. bxa3 Rxc7 39. R6h2 c5 40. dxc5
Rxc5+ 41. Kb2 Rd5 42. Rd1 Rxd1 43. Bxd1 Bc4 44. a4 bxa4 45. Bxa4 Ng4 46. Rh5
Kg6 47. Be8+ Kf6 48. f3 Nxe3 49. fxe4 Nxg2 50. exf5 Kxf5 51. Rh1 g4 52. Bd7+
Kf4 53. Rg1 Bd5 1/2-1/2

[Event "Moratalaz Open 2007"]
[Site "Madrid ESP"]
[Date "2007.09.16"]
[Round "2.1"]
[White "Vukotic Jovsic, Dragan"]
[Black "Vazquez, Renier"]
[Result "0-1"]
[WhiteElo "2018"]
[BlackElo "2553"]
[PlyCount "28"]
[EventDate "2007.09.15"]
[EventType "swiss"]
[EventRounds "9"]
[EventCountry "ESP"]
[Source "lmi"]
[SourceDate "2007.09.13"]

1. d4 Nf6 2. Bf4 c5 3. e3 Qb6 4. b3 d5 5. Nf3 Nc6 6. dxc5 Qxc5 7. c4 Bg4 8. Be2
dxc4 9. bxc4 e5 10. Bg3 Rd8 11. Qa4 Qb4+ 12. Qxb4 Bxb4+ 13. Nfd2 Bf5 14. a3 Ba5
0-1

[Event "Moratalaz Open 2007"]
[Site "Madrid ESP"]
[Date "2007.09.16"]
[Round "2.2"]
[White "Moreno Ruiz, Javier"]
[Black "Cabanas Bravo, Juan Andres"]
[Result "1-0"]
[WhiteElo "2466"]
[BlackElo "2020"]
[PlyCount "147"]
[EventDate "2007.09.15"]
[EventType "swiss"]
[EventRounds "9"]
[EventCountry "ESP"]
[Source "lmi"]
[SourceDate "2007.09.13"]

1. c4 Nf6 2. g3 c6 3. Bg2 d5 4. Nf3 g6 5. b3 Bg7 6. Bb2 Qb6 7. Qc1 dxc4 8. bxc4
Ne4 9. Bxg7 Qxf2+ 10. Kd1 Rg8 11. Ne1 Bg4 12. Bf3 Bf5 13. Nd3 Qb6 14. Bb2 Ng5
15. Rf1 Bxd3 16. exd3 Na6 17. Bg2 O-O-O 18. Qc3 Nc5 19. Ba3 Nge6 20. Bxc5 Nxc5
21. Rxf7 Nxd3 22. c5 Nxc5 23. Qe5 Rge8 24. Bh3+ e6 25. Nc3 Nd7 26. Bxe6 Qg1+
27. Kc2 Rxe6 28. Qxe6 Qxa1 29. Rxh7 Qf1 30. Ne4 Qg1 31. Nd6+ Kc7 32. Nxb7 Kxb7
33. Rxd7+ Rxd7 34. Qxd7+ Kb6 35. Qd8+ Kb7 36. Qe7+ Ka6 37. Qd6 Kb6 38. h4 Qa1
39. Qb4+ Kc7 40. Qb2 Qh1 41. Qe5+ Kb6 42. Qd4+ Kb7 43. Qd3 Qa1 44. Qb3+ Kc7 45.
a3 Qf6 46. Qe3 Qf5+ 47. Kd1 Qf1+ 48. Kc2 Qf5+ 49. Kc3 Qa5+ 50. Kb2 Qb5+ 51. Qb3
Qe5+ 52. Ka2 Qe2 53. Qc3 Qd1 54. Qd4 Qc2+ 55. Qb2 Qc4+ 56. Qb3 Qe4 57. Qf7+ Kd6
58. Qf6+ Kc5 59. Qc3+ Kd5 60. Qb3+ Ke5 61. Qe3 Kf5 62. Qxe4+ Kxe4 63. g4 Kf4
64. h5 gxh5 65. gxh5 Kg5 66. Kb3 Kxh5 67. Kb4 Kg5 68. Kc5 Kf5 69. a4 Ke4 70. a5
Kd3 71. a6 Kxd2 72. Kxc6 Kc3 73. Kb7 Kb4 74. Kxa7 1-0

[Event "Moratalaz Open 2007"]
[Site "Madrid ESP"]
[Date "2007.09.16"]
[Round "2.3"]
[White "Sanchez Crespo, Ignacio"]
[Black "Roa Alonso, Santiago"]
[Result "1/2-1/2"]
[WhiteElo "1972"]
[BlackElo "2445"]
[PlyCount "65"]
[EventDate "2007.09.15"]
[EventType "swiss"]
[EventRounds "9"]
[EventCountry "ESP"]
[Source "lmi"]
[SourceDate "2007.09.13"]

1. e4 c5 2. Nf3 d6 3. d4 cxd4 4. Nxd4 Nf6 5. Nc3 e6 6. Be2 Be7 7. O-O O-O 8.
Be3 Nc6 9. f4 Bd7 10. Bf3 Qc7 11. Qe1 Nxd4 12. Bxd4 e5 13. Be3 b5 14. Qd2 b4
15. Nd5 Nxd5 16. exd5 Bf6 17. Rab1 a5 18. Rfc1 Rfe8 19. c3 exf4 20. Bxf4 Bf5
21. Ra1 bxc3 22. bxc3 Rac8 23. a4 Bxc3 24. Qf2 Bxa1 25. Rxc7 Rxc7 26. h3 Rc4
27. Qg3 Bd4+ 28. Kh2 Be5 29. Bxe5 dxe5 30. d6 Bd7 31. Bd5 Rd4 32. Qb3 Be6 33.
d7 1/2-1/2

[Event "Moratalaz Open 2007"]
[Site "Madrid ESP"]
[Date "2007.09.16"]
[Round "2.4"]
[White "Madina, Martin"]
[Black "Adan, Sergio"]
[Result "1-0"]
[WhiteElo "2344"]
[BlackElo "1991"]
[PlyCount "75"]
[EventDate "2007.09.15"]
[EventType "swiss"]
[EventRounds "9"]
[EventCountry "ESP"]
[Source "lmi"]
[SourceDate "2007.09.13"]

1. e4 c5 2. Nf3 Nc6 3. c4 e5 4. Nc3 d6 5. a3 Nge7 6. Rb1 a5 7. Nd5 Nxd5 8. cxd5
Nd4 9. Nxd4 cxd4 10. Bb5+ Bd7 11. Bxd7+ Qxd7 12. b4 a4 13. O-O b5 14. f4 Be7
15. fxe5 dxe5 16. Qh5 Bd6 17. d3 Rc8 18. Rf3 Rc3 19. Bd2 Rxa3 20. Rbf1 Rf8 21.
Qxh7 f6 22. Rc1 Ra2 23. Be1 Rb2 24. Rg3 Rf7 25. Qh8+ Bf8 26. Rc6 a3 27. Re6+
Kd8 28. Rxg7 a2 29. Ra6 Rc2 30. Ra8+ Rc8 31. Rxa2 Rxg7 32. Qxf8+ Kc7 33. Ra7+
Kb8 34. Rxd7 Rxd7 35. Qxf6 Rc1 36. Qxe5+ Kb7 37. Kf2 Rf7+ 38. Ke2 1-0

[Event "Moratalaz Open 2007"]
[Site "Madrid ESP"]
[Date "2007.09.16"]
[Round "2.5"]
[White "Tejedor Ariza, Francisco"]
[Black "Gonzalez Somoza, Oliver"]
[Result "0-1"]
[WhiteElo "1952"]
[BlackElo "2343"]
[PlyCount "120"]
[EventDate "2007.09.15"]
[EventType "swiss"]
[EventRounds "9"]
[EventCountry "ESP"]
[Source "lmi"]
[SourceDate "2007.09.13"]

1. e4 c5 2. Nf3 e6 3. d4 cxd4 4. Nxd4 Nc6 5. Nxc6 bxc6 6. Bd3 d5 7. O-O Qc7 8.
f4 Nf6 9. Nd2 Rb8 10. Kh1 Be7 11. b3 dxe4 12. Nxe4 Nxe4 13. Bxe4 Bf6 14. Ba3 c5
15. Rb1 Bb7 16. Bxb7 Rxb7 17. Bb2 Bxb2 18. Rxb2 c4 19. Qd4 O-O 20. bxc4 Rxb2
21. Qxb2 Qxc4 22. Rf3 Qe2 23. h3 g6 24. Kh2 Rd8 25. Rb3 Qc4 26. Qf6 Rf8 27. h4
Qxc2 28. h5 Qf5 29. Qxf5 exf5 30. Rb7 Ra8 31. h6 a5 32. a4 Kf8 33. Kh3 Rd8 34.
Ra7 Rd4 35. Rxa5 Rxf4 36. Ra7 g5 37. g3 Rf2 38. g4 Rf3+ 39. Kg2 fxg4 40. a5 Rf6
41. Ra8+ Ke7 42. Rg8 Rxh6 43. Rxg5 Kd8 44. Kg3 Rg6 45. Rf5 f6 46. Rc5 Rg5 47.
Rc6 h5 48. a6 Ke7 49. Rc7+ Ke6 50. Rh7 Ra5 51. a7 Ra3+ 52. Kf4 Ra4+ 53. Kg3 f5
54. Kh4 Ke5 55. Kxh5 Kf4 56. Rb7 Ra6 57. Rb4+ Kg3 58. Rb3+ Kh2 59. Kh4 g3 60.
Rf3 Rxa7 0-1

[Event "Moratalaz Open 2007"]
[Site "Madrid ESP"]
[Date "2007.09.16"]
[Round "2.6"]
[White "Elissalt Cardenas, Hector"]
[Black "Maseda Iglesias, Luis"]
[Result "1-0"]
[WhiteElo "2327"]
[BlackElo "1976"]
[PlyCount "59"]
[EventDate "2007.09.15"]
[EventType "swiss"]
[EventRounds "9"]
[EventCountry "ESP"]
[Source "lmi"]
[SourceDate "2007.09.13"]

1. d4 d5 2. Nf3 Nf6 3. e3 Bf5 4. c4 c6 5. Qb3 Qb6 6. c5 Qc7 7. Qa4 Nbd7 8. b4
b5 9. cxb6 Nxb6 10. Qa5 Nfd7 11. Bb2 g6 12. Nbd2 Bg7 13. Rc1 Qb7 14. Ba6 Qc7
15. Ba3 Nb8 16. Be2 O-O 17. O-O Rc8 18. Nb3 Bg4 19. Nbd2 e5 20. dxe5 Bxe5 21.
h3 Bxf3 22. Nxf3 Bd6 23. Bb2 Qe7 24. a3 N8d7 25. Rc2 Ne5 26. Nxe5 Bxe5 27. Bxe5
Qxe5 28. Rfc1 Qe6 29. Ba6 Rc7 30. b5 1-0

[Event "Moratalaz Open 2007"]
[Site "Madrid ESP"]
[Date "2007.09.16"]
[Round "2.8"]
[White "Rubio Mejia, Luis"]
[Black "Sanchez-Alarcos Galian, Victor"]
[Result "1-0"]
[WhiteElo "2270"]
[BlackElo "1958"]
[PlyCount "65"]
[EventDate "2007.09.15"]
[EventType "swiss"]
[EventRounds "9"]
[EventCountry "ESP"]
[Source "lmi"]
[SourceDate "2007.09.13"]

1. d4 Nf6 2. c4 e6 3. Nc3 Bb4 4. e3 O-O 5. Bd3 c5 6. Nge2 cxd4 7. exd4 d5 8.
O-O dxc4 9. Bxc4 a6 10. a3 Be7 11. Qd3 Nbd7 12. Ba2 h6 13. Bf4 b5 14. Qf3 Nb6
15. Rac1 Ra7 16. Rfd1 Bb7 17. Qd3 Bd6 18. Bb1 Nbd5 19. Be5 g6 20. Qh3 Kh7 21.
Ba2 Ba8 22. Nxd5 Nxd5 23. Bxd6 Qxd6 24. Rc5 Nf4 25. Nxf4 Qxf4 26. Qe3 Qd6 27.
h4 Rd8 28. Bb3 Kg7 29. h5 g5 30. d5 exd5 31. Rcxd5 Bxd5 32. Rxd5 Re7 33. Qd4+
1-0

[Event "Moratalaz Open 2007"]
[Site "Madrid ESP"]
[Date "2007.09.16"]
[Round "2.9"]
[White "Burlacu, Laurentiu"]
[Black "De la Fuente Gonzalez, Francisco"]
[Result "0-1"]
[WhiteElo "1944"]
[BlackElo "2230"]
[PlyCount "100"]
[EventDate "2007.09.15"]
[EventType "swiss"]
[EventRounds "9"]
[EventCountry "ESP"]
[Source "lmi"]
[SourceDate "2007.09.13"]

1. e4 e5 2. Nf3 Nf6 3. Nc3 Nc6 4. Be2 d5 5. exd5 Nxd5 6. Nxd5 Qxd5 7. c4 Qa5 8.
O-O e4 9. Ne1 Bd6 10. f4 Be6 11. Nc2 O-O-O 12. a3 Qc5+ 13. Kh1 Bxc4 14. Bxc4
Qxc4 15. Ne3 Qd3 16. b4 Nd4 17. Bb2 Nb3 18. Bxg7 Rhg8 19. Bf6 Nxd2 20. Bxd8
Nxf1 21. Qxd3 exd3 22. Nxf1 Rxd8 23. g3 Be7 24. Nd2 b5 25. Kg2 Kb7 26. Kf3 c5
27. bxc5 Bxc5 28. Ra2 Kb6 29. h3 a5 30. g4 Rd4 31. f5 Ra4 32. Nb1 Rc4 33. Rg2
Rc2 34. Nd2 Bxa3 35. g5 Bb4 36. g6 hxg6 37. fxg6 fxg6 38. Rxg6+ Rc6 39. Rg2
Bxd2 40. Rxd2 Rh6 41. Kg4 Rd6 42. h4 Kc5 43. Kf3 Kc4 44. h5 Kc3 45. Rd1 d2 46.
h6 Rxh6 47. Ra1 Rd6 48. Ke2 d1=Q+ 49. Rxd1 Rxd1 50. Kxd1 Kb2 0-1

[Event "Moratalaz Open 2007"]
[Site "Madrid ESP"]
[Date "2007.09.16"]
[Round "2.10"]
[White "Estrada Martinez, Cesar"]
[Black "Crespo Villalba, Israel"]
[Result "1-0"]
[WhiteElo "2211"]
[BlackElo "1952"]
[PlyCount "83"]
[EventDate "2007.09.15"]
[EventType "swiss"]
[EventRounds "9"]
[EventCountry "ESP"]
[Source "lmi"]
[SourceDate "2007.09.13"]

1. Nf3 d5 2. g3 c5 3. c4 d4 4. b4 cxb4 5. a3 bxa3 6. Bxa3 Nc6 7. Bg2 e5 8. Bxf8
Kxf8 9. d3 Nge7 10. O-O g6 11. Nbd2 Kg7 12. Qb3 Qc7 13. Rfb1 a5 14. Qb6 Qxb6
15. Rxb6 f5 16. Nb3 h6 17. Ra4 Rd8 18. Rb5 Kf6 19. Nfd2 Rd7 20. Nxa5 Nxa5 21.
Rbxa5 Rxa5 22. Rxa5 Nc6 23. Rb5 Rc7 24. Nb3 Na7 25. Rb6+ Kg7 26. Na5 Nc6 27.
Bxc6 bxc6 28. Nxc6 e4 29. Nxd4 exd3 30. exd3 f4 31. gxf4 Rd7 32. Ne6+ Kf7 33.
d4 Ke7 34. d5 Rd6 35. Rxd6 Kxd6 36. Kg2 Ba6 37. c5+ Kd7 38. Nf8+ Ke7 39. Nxg6+
Kf6 40. Ne5 Bb5 41. Kf3 Kf5 42. c6 1-0